Integrated product and process design and development : (Record no. 23723)

000 -LEADER
fixed length control field 01532cam a2200385 a 4500
001 - CONTROL NUMBER
control field 15601394
003 - CONTROL NUMBER IDENTIFIER
control field OSt
005 - DATE AND TIME OF LATEST TRANSACTION
control field 20170613094940.0
008 - FIXED-LENGTH DATA ELEMENTS--GENERAL INFORMATION
fixed length control field 090127s2010 flua b 001 0 eng
010 ## - LIBRARY OF CONGRESS CONTROL NUMBER
LC control number 2009003653
015 ## - NATIONAL BIBLIOGRAPHY NUMBER
National bibliography number GBA945127
Source bnb
016 7# - NATIONAL BIBLIOGRAPHIC AGENCY CONTROL NUMBER
Record control number 015175508
Source Uk
020 ## - INTERNATIONAL STANDARD BOOK NUMBER
International Standard Book Number 9781420070606 (alk. paper)
020 ## - INTERNATIONAL STANDARD BOOK NUMBER
International Standard Book Number 1420070606 (alk. paper)
035 ## - SYSTEM CONTROL NUMBER
System control number (OCoLC)ocn166872497
040 ## - CATALOGING SOURCE
Original cataloging agency DLC
Transcribing agency RCMS
Modifying agency BTCTA
-- BAKER
-- UKM
-- YDXCP
-- C#P
-- BWX
-- CDX
-- DLC
050 00 - LIBRARY OF CONGRESS CALL NUMBER
Classification number TS170
Item number .M34 2010
082 00 - DEWEY DECIMAL CLASSIFICATION NUMBER
Classification number 658.5/75 MAG
Edition number 22
100 ## - MAIN ENTRY--PERSONAL NAME
Personal name Edward B.Magrab,Satyandra K.Gupta F. Patrick McCluskey Peter A. Sandborn
9 (RLIN) 2469
245 00 - TITLE STATEMENT
Title Integrated product and process design and development :
Remainder of title the product realization process /
Statement of responsibility, etc. Edward B. Magrab ... [et al.].
250 ## - EDITION STATEMENT
Edition statement 2nd ed.
260 ## - PUBLICATION, DISTRIBUTION, ETC.
Place of publication, distribution, etc. Boca Raton, FL :
Name of publisher, distributor, etc. CRC Press,
Date of publication, distribution, etc. c2010.
300 ## - PHYSICAL DESCRIPTION
Extent xviii, 333 p. :
Other physical details ill. ;
Dimensions 26 cm.
500 ## - GENERAL NOTE
General note Prev. ed. entered under Edward B. Magrab.
504 ## - BIBLIOGRAPHY, ETC. NOTE
Bibliography, etc. note Includes bibliographical references and index.
538 ## - SYSTEM DETAILS NOTE
Display text Shelf No 1 Row No 4
650 #0 - SUBJECT ADDED ENTRY--TOPICAL TERM
Topical term or geographic name entry element New products.
9 (RLIN) 2470
650 #0 - SUBJECT ADDED ENTRY--TOPICAL TERM
Topical term or geographic name entry element Production engineering.
9 (RLIN) 2471
650 #0 - SUBJECT ADDED ENTRY--TOPICAL TERM
Topical term or geographic name entry element Industrial design.
9 (RLIN) 2472
650 #0 - SUBJECT ADDED ENTRY--TOPICAL TERM
Topical term or geographic name entry element Quality control.
9 (RLIN) 869
700 1# - ADDED ENTRY--PERSONAL NAME
Personal name Magrab, Edward B.
9 (RLIN) 2473
700 1# - ADDED ENTRY--PERSONAL NAME
Personal name Magrab, Edward B.
Title of a work Integrated product and process design and development.
9 (RLIN) 2474
856 ## - ELECTRONIC LOCATION AND ACCESS
Materials specified Table of Content Only
906 ## - LOCAL DATA ELEMENT F, LDF (RLIN)
a 7
b cbc
c orignew
d 1
e ecip
f 20
g y-gencatlg
942 ## - ADDED ENTRY ELEMENTS (KOHA)
Source of classification or shelving scheme
Koha item type Book
Holdings
Withdrawn status Lost status Source of classification or shelving scheme Damaged status Not for loan Permanent Location Current Location Shelving location Date acquired Total Checkouts Full call number Barcode Date last seen Price effective from Koha item type
          School of Interdisciplinary Engineering and Sciences (SINES) School of Interdisciplinary Engineering and Sciences (SINES) General Stacks 01/02/2014   658.575MAG RCMS002564 01/02/2014 01/02/2014 Book
© 2023 Central Library, National University of Sciences and Technology. All Rights Reserved.